000 00602nam a2200229Ia 4500
005 20241216010057.0
008 180423s9999||||xx |||||||||||||| ||und||
020 _a968-24-4485-3
082 _a371.3
_bC26
100 _aCARRION FOS, VICENTE
245 0 _aLA ENSEÑANZA FORMATIVA
_bMATEMATICAS
250 _a0
260 _aMEXICO
_bTRILLAS
_c1992
300 _a79 pag.
_c23 cm
341 _h34.45
490 _v0
_a0
505 _aESTUDIO-ENSEÑANZA-EDUCACION
541 _aC
_bLIBRERIA SAN CRISTOBAL
_d22-Nov-95
_odólar
650 _aCIENCIAS SOCIALES
856 _zHumanidades
942 _cLIBRO
999 _c4929
_d4929